Oxford Advanced Learner's Dictionary of Current English / (Record no. 3473)

000 -LEADER
fixed length control field 02165cam a2200433 i 4500
001 - CONTROL NUMBER
control field 18803685
003 - CONTROL NUMBER IDENTIFIER
control field OSt
005 - DATE AND TIME OF LATEST TRANSACTION
control field 20180117090007.0
008 - FIXED-LENGTH DATA ELEMENTS--GENERAL INFORMATION
fixed length control field 151001s2015 enkab d 000 0 eng
010 ## - LIBRARY OF CONGRESS CONTROL NUMBER
LC control number 2014397317
020 ## - INTERNATIONAL STANDARD BOOK NUMBER
International Standard Book Number 9780194798792 (paperback/online/DVD pack)
020 ## - INTERNATIONAL STANDARD BOOK NUMBER
International Standard Book Number 0194798798 (paperback/online/DVD pack)
020 ## - INTERNATIONAL STANDARD BOOK NUMBER
International Standard Book Number 9780194799591 (DVD)
020 ## - INTERNATIONAL STANDARD BOOK NUMBER
International Standard Book Number 019479959X (DVD)
020 ## - INTERNATIONAL STANDARD BOOK NUMBER
International Standard Book Number 9780194798860 (paperback)
020 ## - INTERNATIONAL STANDARD BOOK NUMBER
International Standard Book Number 0194798860 (paperback)
040 ## - CATALOGING SOURCE
Original cataloging agency DLC
Language of cataloging eng
Description conventions rda
Transcribing agency DLC
Modifying agency DLC
042 ## - AUTHENTICATION CODE
Authentication code pcc
050 00 - LIBRARY OF CONGRESS CALL NUMBER
Classification number PE1628
Item number .O86 2015
245 00 - TITLE STATEMENT
Title Oxford Advanced Learner's Dictionary of Current English /
Statement of responsibility, etc. A.S. Hornby ; managing editors Margaret Deuter, Jennifer Bradbury, Joanna Turnbull ; editors Leonie Hey, Susanne Holloway ; Speaking Tutor Mark Hancock ; Phonetics Editor Michael Ashby.
246 13 - VARYING FORM OF TITLE
Title proper/short title Oxford Advanced Learner's Dictionary
250 ## - EDITION STATEMENT
Edition statement Ninth 9th edition
300 ## - PHYSICAL DESCRIPTION
Extent xii, 1820, WT30, ST10, V56, R31 :
Other physical details color illustrations, color maps ;
Dimensions 24 cm +
Accompanying material 1 DVD (12 cm.)
500 ## - GENERAL NOTE
General note "with new iSpeaker, iWriter on DVD and online"--Cover.
500 ## - GENERAL NOTE
General note Includes Speaking Tutor. Writing Tutor and Language Banks, offering models, analysis and tips on communicating at work, in exams, or in daily life.
520 ## - SUMMARY, ETC.
Summary, etc. Includes Speaking Tutor. Writing Tutor and Language Banks, offering models, analysis and tips on communicating at work, in exams, or in daily life.
538 ## - SYSTEM DETAILS NOTE
System details note System requirements: Windows 7, Windows 8. Macintosh OSX 10.4 - 10.10
650 #0 - SUBJECT ADDED ENTRY--TOPICAL TERM
Topical term or geographic name entry element English language
Form subdivision Dictionaries.
650 #0 - SUBJECT ADDED ENTRY--TOPICAL TERM
Topical term or geographic name entry element English language
General subdivision New words
Form subdivision Dictionaries.
700 1# - ADDED ENTRY--PERSONAL NAME
Personal name Hornby, Albert Sydney,
Relator term creator.
700 1# - ADDED ENTRY--PERSONAL NAME
Personal name Deuter, Margaret,
Relator term editor.
700 1# - ADDED ENTRY--PERSONAL NAME
Personal name Turnbull, Joanna,
Relator term editor.
700 1# - ADDED ENTRY--PERSONAL NAME
Personal name Bradbury, Jennifer
Titles and other words associated with a name (Managing editor)
Relator term editor.
710 2# - ADDED ENTRY--CORPORATE NAME
Corporate name or jurisdiction name as entry element Oxford University Press.
906 ## - LOCAL DATA ELEMENT F, LDF (RLIN)
a 7
b cbc
c origres
d 2
e ncip
f 20
g y-gencatlg
942 ## - ADDED ENTRY ELEMENTS (KOHA)
Source of classification or shelving scheme
Koha item type Book
Holdings
Withdrawn status Lost status Source of classification or shelving scheme Damaged status Not for loan Collection code Permanent Location Current Location Shelving location Date acquired Total Checkouts Full call number Barcode Date last seen Price effective from Koha item type
            Central Library (CL) Central Library (CL) Reference 06/27/2016   423 OXF S3H-S-812 06/27/2016 06/27/2016 Book
© 2023 Central Library, National University of Sciences and Technology. All Rights Reserved.